Năm mươi năm hoạt động của Đảng Cộng sản Việt Nam

Enregistré dans:
Détails bibliographiques
Collectivité auteur: Ban Nghiên cứu. Lịch sử Đảng Trung ương
Format: Livre
Langue:Vietnamese
Publié: H. Sự thật 1979
Sujets:
Tags: Ajouter un tag
Pas de tags, Soyez le premier à ajouter un tag!
Thư viện lưu trữ: Mạng thư viện Đại học Đà Nẵng
LEADER 01192nam a2200349 4500
001 000007599
003 3762
005 20111007101042.0
008 111007s1979 viesd
020 |c 10000đ 
041 0 |a vie 
082 |a 324.259707  |b Ban 
110 |a Ban Nghiên cứu. Lịch sử Đảng Trung ương 
245 0 |a Năm mươi năm hoạt động của Đảng Cộng sản Việt Nam  |c Ban Nghiên cứu. Lịch sử Đảng Trung ương 
260 |a H.  |b Sự thật  |c 1979 
300 |a 334 tr  |c 19 cm 
653 |a Đảng 
653 |a Cộng sản Việt Nam 
653 |a Năm mươi năm 
653 |a hoạt động 
653 |a lịch sử 
910 |a Nguyễn Thị Kim Oanh  |d 07/10/2011 
OWN |a LSP 
AVA |a UDN50  |b LSP  |d 324.259707 Ban  |e available  |t Error 5001 Not defined in file expand_doc_bib_avail.  |f 2  |g 1  |h N  |i 0  |k 1 
999 |a From the UDN01 
AVA |a UDN50  |b LSP  |d 324.259707 Ban  |e available  |t Error 5001 Not defined in file expand_doc_bib_avail.  |f 2  |g 1  |h N  |i 0  |k 1 
TYP |a Monograph 
TYP |a Printed language 
980 |a Mạng thư viện Đại học Đà Nẵng